000
00364nam a22001337a 4500
003
SGT
020
_a
97881237661190
082
_a
920
_b
P11K
100
_a
दुबे, अभय कुमार
245
_a
बाल ठाकरे :आज के नेता
260
_b
राजकमल प्रकाशन
_c
1997
300
_a
135
942
_2
ddc
_c
BK
999
_c
31967
_d
31967